Statistiques concernant Titres de chansons françaises contenant le mot soleil

Cliquez ici pour prendre le quiz!

Statistiques générales

  • Ce quiz a été pris 191 fois
  • Le résultat moyen est 7 sur 37

Statistiques - réponses

AnnéeChanteurTitre% Correct
2002JenniferAu soleil
85%
1972Claude FrançoisLe lundi au soleil
67%
1980KassavSoleil
60%
2010GrégoireSoleil
60%
1970Françoise HardySoleil
60%
1971MarieSoleil
60%
1992Au P'tit BonheurJ'veux du soleil
31%
2004Ken' VMa vie au soleil
31%
2008William BaldéRayon de soleil
29%
1970NicolettaIl est mort le soleil
27%
1939Charles TrenetLe soleil et la lune
22%
1988Laurent VoulzyLe soleil donne
22%
1972Nana MouskouriSoleil soleil
20%
1974SheilaTu es le soleil
19%
1965François DegueltLe ciel le soleil et la mer
17%
1967Serge GainsbourgSous le soleil exactement
16%
1973Brigitte Bardot et Sacha DistelTu es le soleil de ma vie
13%
1997Julien ClercLaissons entrer le soleil
13%
1972Stone et ChardenIl y a du soleil sur la France
8%
1958Annie CordyHello le soleil brille
7%
1968BarbaraLe soleil noir
6%
1988NiagaraSoleil d'hiver
6%
1961Jean FerratDeux enfants au soleil
6%
2000GarouDemande au soleil
5%
1975ChristophePetite fille du soleil
5%
1977Claude FrançoisToi et le soleil
5%
1989IvanovLes nuits sans soleil
5%
1971Nana MouskouriComme un soleil
3%
2013TalMarcher au soleil
3%
2015Collectif MétisséRendez vous au soleil
2%
1979Nana MouskouriVivre au soleil
2%
1968Jean FerratMourir au soleil
2%
1988Gérard BlancDu soleil dans la nuit
1%
2002Nana MouskouriFille du soleil
1%
1981Julio IglesiasL'amour au grand soleil
1%
1969Nana MouskouriDans le soleil et dans le vent
1%
1977Enrico MaciasIl est comme le soleil
1%

Distribution des résultats

Percentile par nombre de réponses

% des personnes avec chaque résultat

Votre développement - résultats

Vous n’avez pas pris ce quiz